• 首页
  • 本馆介绍
  • 公告通知
  • 最新文献
  • 馆藏检索
  • 电子资源
  • 读者导购
  • 参考咨询
  • 我的图书馆
  • 登录
  • 详细信息显示
  • 放入我的书架
  • 预约/预借图书
  • 作者相关作品
  • 分类相关作品
  • 丛书相关作品
  • 出版社相关作品

书目信息

  • 表格格式
  • 工作单格式
  • 卡片格式
题名:
政治经济学基础知识
    
 
作者: 种明钊 主编
分册:  
出版信息: 重庆   重庆出版社  1983
页数: 169页
开本: 19cm
丛书名:
单 册:
中图分类: F0-0 , F0
科图分类:
主题词: 政治经济学--基本知识 , 社会主义政治经济学--基本知识 , 政治经济学
电子资源:
ISBN:
000 00747nam0 2200277 45
001 0183002904
005 20040423092345.7
010    @dCNY0.43
091    @a3114.5
100    @a19950405d1983 em y0chiy0121 ea
101 0  @achi
102    @aCN@b510000
105    @ay z 000yy
106    @ar
200 10 @a政治经济学基础知识@Azheng zhi jing ji xue ji chu zhi shi@e社会主义部分@f种明钊主编
210    @a重庆@c重庆出版社@d1983
215    @a169页@d19cm
606    @a政治经济学@x基本知识
606    @a社会主义政治经济学@x基本知识
606 0  @a政治经济学
690    @aF0-0@v3
690    @aF0
701  0 @a种明钊@Azhong ming zhao@4主编
801  0 @aCN@b上海图书馆@c20040423
801  2 @aCN@bNLC@c20040423
905    @dF0@e101@b176576@f1
    
    政治经济学基础知识:社会主义部分/种明钊主编.-重庆:重庆出版社,1983
    169页;19cm
    
    
    ISBN :CNY0.43
    
●
相关链接 在E读中查询图书 在五车中查询图书 在当当中查询图书 在豆瓣中查询图书


正题名:政治经济学基础知识     索取号:F0/101         预约/预借

序号 登录号 条形码 馆藏地/架位号 状态 备注
1 0176576   001268924   第一借阅区/ [索取号:F0/101] 在馆    
2 0176578   002060799   第一样本阅览室/ [索取号:F0/101] 在馆    
唐山师范学院图书馆 欢迎您!
大连网信软件有限公司© 版权所有